| 000 | 00477nam a2200193Ia 4500 | ||
|---|---|---|---|
| 005 | 20240823013654.0 | ||
| 008 | 240823s9999||||xx |||||||||||||| ||und|| | ||
| 020 | _a0-7506-3634-3 | ||
| 041 | _aENGLISH | ||
| 082 | _A621.31913 P0 | ||
| 100 | _aKuffel E [et al] | ||
| 245 | 0 | _aHigh Voltage Engineering Fundamentals | |
| 250 | _a2nd | ||
| 260 |
_c2000 _b"Newnes,O" _aOxford |
||
| 500 | _aTRANSFERED | ||
| 650 |
_aHigh Voltage _bElectrical |
||
| 942 | _cBK | ||
| 999 |
_c167901 _d167901 |
||